Skylanders chapters from every game - Statistics

General Stats
  • This quiz has been taken 47 times
  • The average score is 32 of 111
Answer Stats
Hint Answer % Correct
SSA: Adventure Pack Empire of Ice
64%
Trap Team: AP Midnight Museum
64%
Trap Team: AP Mirror of Mystery
64%
Trap Team: AP Nightmare Express
64%
SSA: Adventure Pack Darklight Crypt
59%
SSA: Adventure Pack Dragon's peak
59%
SSA: Adventure Pack Pirate Seas
59%
Trap Team: AP Sunscraper Spire
55%
SSA Battlefield
50%
SSA Cadaverous Crypt
50%
Imaginators | SSA Lair of Kaos
50%
Imaginators: AP Lost Imaginite Mines
50%
SWAP-Force: AP Sheep Wreck Island
50%
SSA Stonetown
50%
Trap Team The Future of Skylands
50%
SWAP-Force: AP Tower of Time
50%
Trap Team Chompy Mountain
45%
SSA Creepy Citadel
45%
Trap Team Lair of the Golden Queen
45%
SSA Leviathan Lagoon
45%
SSA Perilous Pastures
45%
Trap Team Soda Springs
45%
SSA Crystal Eye Castle
41%
Imaginators: AP Cursed Tiki Temple
41%
SSA Quicksilver Vault
41%
SSA Shattered Island
41%
SSA Troll Warehouse
41%
Imaginators: AP Enchanted Elven Forest
36%
SSA Falling Forest
36%
Imaginators Fizzland
36%
SSA Goo Factory
36%
Imaginators: AP Gryphon Park Observatory
36%
Trap Team Know-It-All Island
36%
SSA Molekin Mine
36%
Trap Team Skyhighlands
36%
SSA Sky Schooner Docks
36%
Trap Team The Golden Desert
36%
Imaginators: AP Thumpin' Wumpa Islands
36%
SSA Treetop Terrace
36%
Giants Cutthroat Carnival
32%
Giants Kaos' Castle
32%
SSA Lava Lakes Railway
32%
SWAP-Force Motleyville
32%
Trap Team Operation: Troll Rocket Steal
32%
Trap Team Phoenix Psanctuary
32%
Trap Team Rainfish Riviera
32%
SSA Stormy Stronghold
32%
Trap Team Time Town
32%
Imaginators Abandoned Amusement Park
27%
Giants Bringing order to Kaos!
27%
Trap Team Chef Zeppelin
27%
SSA Crawling Catacombs
27%
SSA Dark Water Cove
27%
Trap Team Monster Marsh
27%
SSA Oilspill Island
27%
Trap Team Secret Sewers of Supreme Stink
27%
Giants Secret Vault of Secrets
27%
Imaginators The Golden Arcade
27%
Giants The Oracle
27%
Trap Team The Ultimate Weapon
27%
Giants Time of the Giants
27%
Trap Team Wilikin Workshop
27%
Giants Glacier Gully
23%
SWAP-Force Kaos' Fortress
23%
Trap Team Mystic Mill
23%
Imaginators Scholarville
23%
Giants Wilikin Village
23%
SSA Arkeyan Armoury
18%
SWAP-Force Cascade Glade
18%
Imaginators Cradle of Creation
18%
Giants Drill-X's Big Rig
18%
SWAP-Force Iron Jaw Gulch
18%
Giants Junkyard Isles
18%
Giants Lost City of Arkus
18%
Giants Molekin Mountain
18%
SWAP-Force Mount Cloudbreak
18%
Imaginators Mushroom River
18%
Giants Rumbletown
18%
Imaginators Sky Fortress
18%
Superchargers The Sky Eater
18%
Superchargers Cap'n Cluck's Chicken HQ
14%
Superchargers Gadfly Glades
14%
SWAP-Force Rampant Ruins
14%
Trap Team Telescope Towers
14%
Superchargers The Bandit Train
14%
Superchargers The Cloud Kingdom
14%
Giants Troll Home Security
14%
Giants Aerial Attack
9%
Giants Autogyro Adventure
9%
Superchargers Battlebrawl Island
9%
SWAP-Force Boney Islands
9%
SWAP-Force Cloudbreak core
9%
Imaginators Dragon Temple
9%
SWAP-Force Fantasm Forest
9%
SWAP-Force Frostfest Mountains
9%
SWAP-Force Jungle Rumble
9%
Superchargers Land of the Undead
9%
Superchargers Monstrous Isles
9%
SWAP-Force Motherly Mayhem
9%
SWAP-Force Mudwater Hollow
9%
Superchargers Ridepocalypse Demo Derby
9%
SWAP-Force Serpent's Peak
9%
Imaginators Shellmont Shores
9%
Superchargers Spell Punk Library
9%
Superchargers The Cloudbreather's Crag
9%
Superchargers The Rift to Skylands
9%
SWAP-Force Twisty Tunnels
9%
Superchargers Vault of the Ancients
9%
SWAP-Force Winter Keep
9%
SWAP-Force Mesmeralda's Show
5%
No matching quizzes found
Score Distribution
Percent of People with Each Score
Percentile by Number Answered
Your Score History
You have not taken this quiz